Sports Quiz

Random Sports or State Quiz

1993 Toronto Blue Jays Opening Day Roster Quiz Stats

 Plays Quiz not verified by Sporcle

Challenge
Share
Tweet
Embed
Score 0/15 Timer 10:00
0 Plays Today
Position (Initials) Player Name (Last Name is Good) % Correct
2B - R.A.Roberto Alomar
97.2%
LF - J.C.Joe Carter
97.2%
CF - D.W.Devon White
91.7%
C - P.B.Pat Borders
91.7%
DH - P.M.Paul Molitor
91.7%
3B - E.S.Ed Sprague
86.1%
P - J.M.Jack Morris
86.1%
P - M.T.Mike Timlin
61.1%
Position (Initials) Player Name (Last Name is Good) % Correct
SS - D.S.Dick Schofield
52.8%
RF - D.J.Darrin Jackson
50%
1B - D.M.Domingo Martinez
44.4%
P - M.E.Mark Eichhorn
41.7%
P - D.C.Danny Cox
27.8%
P. K.D.Ken Dayley
22.2%
LF - D.C.Darnell Coles
19.4%

You're not logged in!

Compare scores with friends on all Sporcle quizzes.
Join for Free
OR
Log In

You Might Also Like...

Show Comments

Extras

Top Quizzes Today


Score Distribution

Your Account Isn't Verified!

In order to create a playlist on Sporcle, you need to verify the email address you used during registration. Go to your Sporcle Settings to finish the process.

Report this User

Report this user for behavior that violates our Community Guidelines.

Details: